| 000 | 00948cam a2200337 4500500 | ||
|---|---|---|---|
| 005 | 20260329010103.0 | ||
| 041 | _afre | ||
| 042 | _adc | ||
| 100 | 1 | 0 |
_aDelay, Cyril _eauthor |
| 700 | 1 | 0 |
_aRoux, Mathias _eauthor |
| 245 | 0 | 0 | _aPour ou contre le grand oral du bac ? |
| 260 | _c2021. | ||
| 500 | _a81 | ||
| 690 | _aAdolescence | ||
| 690 | _aBaccalauréat | ||
| 690 | _aDiscours | ||
| 690 | _aÉcrit | ||
| 690 | _aÉducation nationale | ||
| 690 | _aForme | ||
| 690 | _aJean-Michel Blanquer | ||
| 690 | _aLogos | ||
| 690 | _alycée | ||
| 690 | _aOralité | ||
| 690 | _aPlaton | ||
| 690 | _aPrivilège | ||
| 690 | _aRéforme | ||
| 690 | _aRhétorique | ||
| 690 | _aSocrate | ||
| 786 | 0 | _nPhilosophie magazine - Hors séries | Hors-série Autome-hiver 2021 | HS51 | 2021-10-01 | p. 28-31 | 2104-9246 | |
| 856 | 4 | 1 | _uhttps://shs.cairn.info/magazine-philosophie-magazine-2021-hs51-page-28?lang=fr&redirect-ssocas=7080 |
| 999 |
_c1849375 _d1849375 |
||